The encyclopedia of nursing

Bewaard in:
Bibliografische gegevens
Hoofdauteur: Lucile Petry
Formaat: Boek
Taal:Undetermined
Gepubliceerd in: Philadelphia W. B. Saunders 1952
Onderwerpen:
Tags: Voeg label toe
Geen labels, Wees de eerste die dit record labelt!
Thư viện lưu trữ: Trung tâm Học liệu Trường Đại học Cần Thơ
LEADER 00481nam a2200181Ia 4500
001 CTU_26554
008 210402s9999 xx 000 0 und d
082 |a 610.7303 
082 |b P493 
100 |a Lucile Petry 
245 4 |a The encyclopedia of nursing 
245 0 |c Lucile Petry 
260 |a Philadelphia 
260 |b W. B. Saunders 
260 |c 1952 
650 |a medicine - terminology 
904 |i Minh, 981013 
980 |a Trung tâm Học liệu Trường Đại học Cần Thơ